| 000 | 00518nam a22001937a 4500 | ||
|---|---|---|---|
| 003 | CEME | ||
| 005 | 20210628202017.0 | ||
| 008 | 210115b xxu||||| |||| 00| 0 eng d | ||
| 020 | _a9781259062735 | ||
| 040 | _c. | ||
| 082 | _a621.382 MIS | ||
| 100 |
_aMisra, Iti Saha _957870 |
||
| 245 | _aWireless communications and networks,3g and beyond | ||
| 250 | _a2ND | ||
| 260 |
_aINDIA _bMCGRAW HILL _c2015 |
||
| 300 | _aXXVII, 551P | ||
| 650 |
_aWIRELESS COMMUNICATIONS.WIRELESS NETWORKS. _957871 |
||
| 942 |
_cBK _2ddc |
||
| 999 |
_c568113 _d568113 |
||